000 00738nam a2200205Ii 4500
003 JO-AjNU
008 230605s9999||||xx |||||||||||||| ||und||
040 _aJO-AjNU
_bara
_erda
_cJO-AjNU
041 _aara
050 1 4 _aML345.J6.H36 2001
100 3 _aحمام، عبد الحميد تأيف ,
_eauthor
_948980
245 0 0 _aالحياة الموسيقية في الأردن في ثمانين عاماً 1921-2001
250 _a-
264 3 1 _aعمان:وزارة الثقافة,2001
300 _a158ص
336 _atext
_btxt
_2rdacontent
337 _aunmediated
_bn
_2rdamedia
338 _avolume
_bnc
_2rdacarrier
650 4 _aالحياة الموسيقية-تاريخ الموسيقى في الاردن-موسيقى
_948981
999 _aA21485
_c25053
_d25053